00480 2200181 4500001002100000005001500021035002000036007000300056008004100059020001800100082000800118100001700126245005100143250001200194260005200206300002600258084001400284INLIS00000000000087520260507092938 a0010-0526000127ta260507 0 ind  a9786239700201 a1500 aAlvi Syahrin1 aInsecurity :bIs MyMiddle Name /cAlvi Syahrin aCet, 18 aJakarta Selatan :bAlvi Ardhi Publishing,c2024 a264 hlm ;c13 x 19 cm a150 ALV i